Súčasné postavenie Kórejskej republiky v juhoázijskom hospodársko-politickom priestore a možnosti spolupráce so Slovenskou republikou dizertačná práca

Salvato in:
Dettagli Bibliografici
Autore principale: Kurilla, Norbert
Ente Autore: Fakulta medzinárodných vzťahov EU. Katedra diplomacie a medzinárodných vzťahov
Altri autori: Liďák, Ján
Natura: Libro
Lingua:slovacco
Pubblicazione: Bratislava 2007
Soggetti:
Tags: Aggiungi Tag
Nessun Tag, puoi essere il primo ad aggiungerne!!

MARC

LEADER 00000nam$a2200000$$$4500
001 0065979
005 20240318125936.5
041 0 |a slo 
044 |a SK 
245 1 0 |a Súčasné postavenie Kórejskej republiky v juhoázijskom hospodársko-politickom priestore a možnosti spolupráce so Slovenskou republikou  |b dizertačná práca  |c Norbert Kurilla ; škol. Ján Liďák 
264 1 |a Bratislava  |c 2007 
300 |a 229 s. 
610 2 0 |a hospodárstvo národné 
610 2 0 |a Južná Kórea 
610 2 0 |a obchod medzinárodný 
610 2 0 |a vzťahy hospodárske medzinárodné 
610 2 0 |a vzťahy politické medzinárodné 
610 2 0 |a Severná Kórea 
610 2 0 |a spolupráca hospodárska medzinárodná 
610 2 0 |a Slovensko 
100 1 |a Kurilla, Norbert 
700 1 |a Liďák, Ján 
710 2 |a Fakulta medzinárodných vzťahov EU. Katedra diplomacie a medzinárodných vzťahov